Представление документа в формате RUSMARC

ПолеНазваниеЗначение
  Тип записи a
  Библиографический уровень m
001 Контрольный номер ca93f8492c5544dba4f7285c22bda47c
005 Дата корректировки 20240207193939.2
010 Индекс ISBN __
a ISBN 978-5-17-122848-4
100 Данные общей обработки __
a Данные общей обработки 20230208d 0rusy0189## ca
101 Язык документа 0_
a Язык текста rus
102 Страна публикации __
a Страна публикации RU
200 Заглавие и сведения об ответственности 1_
a Заглавие Какие бывают птицы?
f Первые сведения об ответственности К. Бедуаейр
f Первые сведения об ответственности худож. С. Джонсон
f Первые сведения об ответственности пер. с англ. Н. Пискарёвой
e Сведения, относящиеся к заглавию для младшего школьного возраста
210 Выходные данные 1_
a Место издания Москва
c Издательство АСТ
c Издательство Аванта
d Дата издания 2021
215 Физическое описание __
a Объем 29, [3] с.
c Иллюстрации/тип воспроизводства цв. ил.
225 Серия 2_
a Серия Моя первая книга обо всём на свете
300 Общие примечания __
a Общие примечания 0+
606 Тематические рубрики 0_
a Основная рубрика Птицы. Орнитология
610 Ключевые слова 0_
a Ключевые слова орнитология; птицы; древние птицы; интересные факты; клювы птиц; птенцы; водоплавающие птицы; хищные птицы; ночные птицы; среда обитания птиц; человек и птицы
686 Индексы других классификаций __
a Классификационный индекс 28.693.35
700 Автор _1
a Фамилия Бедуаейр
b Имя (инициалы) К.
g Полное личное имя Камилла де ля
801 Источник записи _0
a Страна RU
b Организация УОБДЮ
c Дата составления 20230208
g Правила каталогизации RCR
801 Источник записи _1
a Страна RU
b Организация УОБДЮ
c Дата составления 20230208
g Правила каталогизации RCR
852 Данные о местонахождении __
i Авторский знак Б 38
j Шифр хранения 28.693.3
901 Тип документа __
t Тип документа m
905 Данные по созданию БЗ __
a Дата создания БЗ 202303
b Логин пользователя, который создал БЗ imm
909 Создатель записи __
a Создатель записи Иванова М.М.
910 Корректоры записи __
a Корректор записи Комахина Т.В.
919 __
a Комахина Т.В.
c Иванова М.М.